000 00618nam a2200193Ia 4500
003 GCL
005 20240530110303.0
008 140319s9999 xx 000 0 ara d
040 _aGCL /
_cGCL
082 0 4 _a322.503
_bا م
100 1 _aالعماد مصطفى طلاس
245 1 0 _aالمعجم العسكرى الموسوعى /
_cالعماد مصطفى طلاس
250 _aالاولى
260 _aسوريا :
_bمركز الدراسات العسكرية ،
_c1987
300 _a2 مج ؛
_c24 سم
650 0 4 _aالعسكرية - معاجم
650 0 4 _aالجيش - معاجم
942 _2ddc
_cBK
999 _c59602
_d59602